| 000 | 00420pab a2200169 454500 | ||
|---|---|---|---|
| 008 | 180718b2008 xxu||||| |||| 00| 0 eng d | ||
| 100 | _aBarbalet, Jack | ||
| 245 | _aPragmatism and economics: William James' contribution | ||
| 260 | _c2008 | ||
| 300 | _ap.797-810. | ||
| 362 | _aSep | ||
| 650 | _aJames, William | ||
| 650 | _aEconomics | ||
| 773 | _aCambridge Journal of Economics | ||
| 908 | _aN | ||
| 909 | _a79605 | ||
| 999 |
_c79605 _d79605 |
||